00628nam a22002177a 450000500170000001000130001702000230003003500130005303700160006604000120008208200130009410000210010724500750012826000460020327000580024930000250030750000200033265000220035265000210037470000150039520170124110206.0 aB-122538 c195.00a8124204193 aB-122538 bCen Lib/Ret aDPLbEN a004bMCD aMcDowell, Steve  a500 computing tips for trainners /cby Steve McDowell [and] Phil Race  aNew Delhi bCrest Publishing House c2004 aG-2, 16 Ansari Road, Dariya Ganj bNew Delhi e110002 avi, 148p.c21cm(pbk) aIncludes index  aComputer science  aTrainning guide  aRace, Phil